Score 0/11 Timer 10:00
0 Plays Today
Hint Answer % Correct
Troye Sivan and Tyler OakleyTroyler
91.7%
Alfie and ZoellaZalfie
79.8%
Dan Howell and Phil LesterPhan
75%
Joe Sugg and Casper LeeJasper
70.6%
Jim Chapman and Tanya BurrJanya
69.7%
Marcus Butler and Niomi SmartNarcus
62.7%
Connor Franta and Troye SivanTronner
56.1%
Felix and MarziaMelix
49.1%
J.C. Caylen and Lia Marie JohnsonJia
38.2%
Kian Lawley and Andrea RussettKiandrea
38.2%
Hannah Hart and Grace HelbigHartbig
35.1%
Remove Ads.
Support Sporcle.
Get the best of Sporcle when you Go Orange. This ad-free experience offers more features, more stats, and more fun while also helping to support Sporcle. Thank you for becoming a member.

You're not logged in!

Compare scores with friends on all Sporcle quizzes.
OR
Log In

Show Comments

Extras

Created Jan 15, 2015ReportNominate
Tags:ship

Top Quizzes Today


Score Distribution

Your Account Isn't Verified!

In order to create a playlist on Sporcle, you need to verify the email address you used during registration. Go to your Sporcle Settings to finish the process.

Report this User

Report this user for behavior that violates our Community Guidelines.

Details: